Every LEGO Marvel Super Heroes Minifigure Released in 2012 - Statistics

General Stats
  • This quiz has been taken 24 times
  • The average score is 13 of 15
Answer Stats
Set Name # Answer % Correct
Quinjet Aerial Battle 6869 Black Widow
100%
[...]'s Avenging Cycle 6865 Captain America
100%
York Toy Fair Exclusives X Captain America (Bucky Barnes)
100%
[...]'s Helicarrier Breakout 6868 Hulk
100%
[...]'s Cosmic Cube Escape 6867 Iron Man
100%
[...]'s Cosmic Cube Escape 6867 Loki
100%
[...]'s Cosmic Cube Escape 6867 Hawkeye
94%
[...]'s Helicarrier Breakout 6868 Thor
94%
[...]'s Chopper Showdown 6866 Deadpool
82%
[...]'s Chopper Showdown 6866 Magneto
82%
6873 Spider-Man
82%
[...]'s Chopper Showdown 6866 Wolverine
82%
[...]'s [...] Ambush 6873 Doctor Octopus
65%
6873 Iron Fist
65%
Comic-Con Exclusives X Phoenix
59%
No matching quizzes found
Score Distribution
Percent of People with Each Score
Percentile by Number Answered
Your Score History
You have not taken this quiz